00500nam a2200193 a 4500001001300000003000900013005001700022008004100039020002300080082001800103100002300121245001800144260004700162300000900209500003500218505001200253650001800265700002300283nice12345678IN_TiNIC20260116014947.0070517s1972 cama grp 000 0 eng  a0674069250 c20000a294.5924bEDG aEdgerton, Franklin aBhagavad Gita aCambridgebHarvard University Press c1972 a202p aincludes index and biblioraphy2 aindices aBhagavad Gita1 aEdgerton, Franklin